000
00292nam a22001337a 4500
008
171207b xxu||||| |||| 00| 0 eng d
020
_a
139781111828202
041
_a
eng
080
_a
32
100
_a
20
101
_a
POL
245
_a
POLITICS WHY MATERS
_c
PQATTEN.J.N
942
_2
udc
_c
BK
999
_c
38815
_d
38815